[Event "Collado Villalba op-B 36th"]
[Site "Collado Villalba"]
[Date "2019.08.25"]
[Round "3"]
[White "Galan Aguado, Fernando"]
[Black "Olmedo Aznar, Eduardo"]
[Result "1/2-1/2"]
[WhiteElo "1632"]
[BlackElo "1786"]
[PlyCount "45"]
[EventDate "2019.08.23"]
[EventType "swiss"]
[EventRounds "9"]
[EventCountry "ESP"]
[SourceTitle "CBM 192 Extra"]
[Source "Chessbase"]
[SourceDate "2019.11.06"]
[SourceVersion "1"]
[SourceVersionDate "2019.11.06"]
[SourceQuality "1"]

1. d4 e6 2. Nf3 d5 3. e3 f5 4. Bd3 Nf6 5. Nbd2 Bd6 6. c4 c6 7. Ne5 0-0 8. 0-0 Nbd7 9. f4 Ne4 10. Nxd7 Bxd7 11. Nf3 Be8 12. Bd2 Bh5 13. Be2 Qe7 14. Be1 b6 15. Rc1 Rfd8 16. Bh4 Nf6 17. Ne5 Bxe2 18. Qxe2 Qe8 19. cxd5 cxd5 20. Qa6 Rdc8 21. Qb7 Bxe5 22. fxe5 Ng4 23. Bf2 1/2-1/2

[Event "Collado Villalba 64 op 5th"]
[Site "Collado Villalba"]
[Date "2017.07.29"]
[Round "7"]
[White "Galan Aguado, Fernando"]
[Black "Rodriguez Sanchez, Juan Carlos"]
[Result "1-0"]
[WhiteElo "1689"]
[BlackElo "1604"]
[PlyCount "117"]
[EventDate "2017.07.23"]
[EventType "swiss"]
[EventRounds "9"]
[EventCountry "ESP"]
[SourceTitle "CBM 179 Extra"]
[Source "ChessBase"]
[SourceDate "2017.08.23"]
[SourceVersion "1"]
[SourceVersionDate "2017.08.23"]
[SourceQuality "1"]

1. d4 Nf6 2. Nf3 e6 3. e3 d5 4. Bd3 c5 5. b3 cxd4 6. exd4 Nc6 7. 0-0 Nb4 8. Be2 Nc6 9. Bb2 Qb6 10. a3 g6 11. a4 Bg7 12. Ba3 Bd7 13. Bc5 Qc7 14. c3 b6 15. Ba3 Na5 16. Ne5 Ne4 17. Nxd7 Qxd7 18. Bb5 Nc6 19. Re1 a6 20. Bd3 Nf6 21. Qe2 Qb7 22. Nd2 Bf8 23. Qf3 Bxa3 24. Rxa3 Qe7 25. Raa1 0-0 26. Re3 Kg7 27. Rae1 Qa3 28. Qe2 b5 29. axb5 axb5 30. Bxb5 Rfc8 31. Qf3 Qd6 32. h3 Rab8 33. Qe2 Na7 34. Ba4 Nc6 35. Rf3 Rc7 36. Qe3 Rbc8 37. Qg5 Qd8 38. g4 Na5 39. Ree3 h6 40. Qh4 Nc6 41. Qg3 Nb8 42. h4 Nbd7 43. Qf4 Qe7 44. g5 hxg5 45. Qxg5 Nb6 46. Bb5 Rh8 47. Rh3 Rh5 48. Qg3 Ra7 49. Be2 Rh6 50. Qg2 Ra8 51. h5 Qc7 52. Qg3 Qe7 53. Qg2 Qc7 54. Reg3 Qf4 55. Re3 Rah8 56. Nf1 Nxh5 57. Ref3 Qc7 58. Qg5 Nd7 59. Qe7 1-0

[Event "Tres Cantos op 9th"]
[Site "Tres Cantos"]
[Date "2017.06.22"]
[Round "1"]
[White "Martin Duque, Jesus"]
[Black "Galan Aguado, Fernando"]
[Result "1-0"]
[WhiteElo "2342"]
[BlackElo "1689"]
[PlyCount "55"]
[EventDate "2017.06.22"]
[EventType "swiss"]
[EventRounds "9"]
[EventCountry "ESP"]
[SourceTitle "EXT 2019"]
[Source "ChessBase"]
[SourceDate "2018.10.10"]
[SourceVersion "1"]
[SourceVersionDate "2018.10.10"]
[SourceQuality "1"]

1. e4 e6 2. d4 d5 3. e5 c5 4. c3 Qb6 5. Nf3 Nc6 6. a3 c4 7. Nbd2 Bd7 8. g3 Nge7 9. Bxc4 Na5 10. Bd3 Rc8 11. 0-0 Nc4 12. Qe2 Nxd2 13. Bxd2 Nc6 14. b4 a6 15. h4 Be7 16. Bg5 h6 17. Bxe7 Kxe7 18. h5 Rc7 19. Rac1 Rhc8 20. a4 Nd8 21. a5 Qa7 22. Qb2 Bb5 23. Bxb5 axb5 24. Ne1 b6 25. axb6 Qxb6 26. Nd3 Ra8 27. Nc5 Rca7 28. Qc2 1-0

[Event "San Sebastian de los Reyes op 17th"]
[Site "San Sebastian"]
[Date "2015.12.01"]
[Round "2"]
[White "Galan Aguado, Fernando"]
[Black "Sacristan Virseda, Fernando"]
[Result "1/2-1/2"]
[WhiteElo "1720"]
[BlackElo "1951"]
[PlyCount "132"]
[EventDate "2015.11.30"]
[EventType "swiss"]
[EventRounds "9"]
[EventCountry "ESP"]
[SourceTitle "CBM 170 Extra"]
[Source "ChessBase"]
[SourceDate "2016.02.25"]
[SourceVersion "1"]
[SourceVersionDate "2016.02.25"]
[SourceQuality "1"]

1. d4 Nf6 2. Nf3 g6 3. Bf4 Bg7 4. e3 0-0 5. Be2 c5 6. 0-0 cxd4 7. exd4 d5 8. h3 Nc6 9. c3 a6 10. a4 Bf5 11. Nbd2 Ne4 12. Nb3 Rc8 13. Nh4 Bd7 14. Nf3 Na5 15. Ne5 Bc6 16. f3 Nd6 17. Nc5 Bxe5 18. dxe5 Nf5 19. g4 Qb6 20. b4 Ng7 21. Qd4 Nc4 22. Bh6 Qc7 23. f4 Rfd8 24. Bxg7 Kxg7 25. e6+ f6 26. g5 Ra8 27. Bg4 h5 28. gxf6+ exf6 29. e7 Qxe7 30. Rae1 Qf7 31. Ne6+ Kh7 32. Nxd8 Rxd8 33. Be6 Qc7 34. Qxf6 Nd2 35. Bf7 Rd6 36. Bxg6+ Kg8 37. Bf7+ Kh7 38. Qf5+ Kg7 39. Bxh5 Nxf1 40. Qg5+ Kf8 41. Re5 Ng3 42. Qxg3 Qb6+ 43. Kh2 Bxa4 44. Qe3 Qxe3 45. Rxe3 d4 46. Rd3 Rh6 47. Bg4 dxc3 48. Rxc3 Rb6 49. Rc4 Bb3 50. Rd4 Ba4 51. Kg3 Bc6 52. h4 Rb5 53. h5 Kg7 54. Kh4 a5 55. bxa5 Rxa5 56. Rb4 Rc5 57. Rb6 Kh6 58. Bf3 Rc4 59. Kg4 Rc5 60. Be4 Kg7 61. Bxc6 bxc6 62. f5 Rc1 63. Rb7+ Kf6 64. Rc7 Rg1+ 65. Kf4 Rf1+ 66. Kg4 Rg1+ 1/2-1/2

[Event "Tres Cantos op 4th"]
[Site "Tres Cantos"]
[Date "2012.06.27"]
[Round "7"]
[White "Galan Aguado, Fernando"]
[Black "Pindado del Carmen, Eliseo"]
[Result "1/2-1/2"]
[WhiteElo "1839"]
[BlackElo "1596"]
[PlyCount "193"]
[EventDate "2012.06.21"]
[EventType "swiss"]
[EventRounds "9"]
[EventCountry "ESP"]
[SourceTitle "CBM 149 Extra"]
[Source "ChessBase"]
[SourceDate "2012.08.24"]
[SourceVersion "1"]
[SourceVersionDate "2012.08.24"]
[SourceQuality "1"]

1. d4 Nf6 2. Nf3 g6 3. Bf4 Bg7 4. e3 0-0 5. Be2 d6 6. h3 c5 7. c3 Qb6 8. Qb3 Qxb3 9. axb3 cxd4 10. exd4 Nd5 11. Bg3 Nd7 12. Nbd2 Re8 13. Nc4 b6 14. 0-0 Bb7 15. Rfe1 N5f6 16. Bd3 d5 17. Na3 a6 18. Nc2 e6 19. Ra2 Bf8 20. Rea1 a5 21. Bb5 Rec8 22. Ne3 h5 23. Nd2 Be7 24. Bh4 Bf8 25. Bg3 Be7 26. c4 Bb4 27. Nb1 Bc6 28. Bxc6 Rxc6 29. Na3 Rac8 30. Nb5 Ra8 31. Ra4 Bd2 32. Kf1 Bxe3 33. fxe3 dxc4 34. bxc4 Ne4 35. Be1 e5 36. b4 Rxc4 37. bxa5 Rxa4 38. Rxa4 exd4 39. Rxd4 Nef6 40. axb6 Nxb6 41. Rd6 Nbd7 42. Bc3 Rb8 43. Na7 Ne4 44. Rxd7 Nxc3 45. Rd3 Rb1+ 46. Kf2 Ne4+ 47. Kf3 Ng5+ 48. Kf4 Ne6+ 49. Kg3 Rb2 50. Nc6 Rb5 51. Ne7+ Kg7 52. Rc3 Rg5+ 53. Kf3 Kf6 54. Nc8 Rf5+ 55. Kg3 Re5 56. Nd6 Ng5 57. Kf2 Ne6 58. Ra3 Ng5 59. Ra4 Kg7 60. Rf4 f6 61. Ra4 Re7 62. h4 Nf7 63. Ne4 Ne5 64. Ra6 f5 65. Ng5 Ng4+ 66. Kf1 Nxe3+ 67. Kf2 Ng4+ 68. Kf1 Ne3+ 69. Kf2 Nc2 70. Ne6+ Kh6 71. Nf8 Rg7 72. Ne6 Rg8 73. Ra7 Nb4 74. Ng5 Rg7 75. Ra8 Nd3+ 76. Kg1 Rh7 77. Rg8 Ne5 78. Ne6 Nf7 79. Nf4 Rg7 80. Ra8 Ne5 81. Rh8+ Rh7 82. Re8 Nf7 83. Re6 Rg7 84. Nd5 Nd8 85. Ra6 Rb7 86. Ne3 Rb1+ 87. Kh2 Rb5 88. Rd6 Nf7 89. Ra6 Kg7 90. Ra7 Re5 91. Nc4 Re6 92. Nd2 Kf6 93. Nf3 Rd6 94. Ra8 Re6 95. Ra7 Rc6 96. Ra8 Re6 97. Ra7 1/2-1/2

[Event "Tres Cantos op 4th"]
[Site "Tres Cantos"]
[Date "2012.06.23"]
[Round "3"]
[White "Galan Aguado, Fernando"]
[Black "Rausell Tamayo, Estrella"]
[Result "1-0"]
[WhiteElo "1839"]
[BlackElo "1308"]
[PlyCount "163"]
[EventDate "2012.06.21"]
[EventType "swiss"]
[EventRounds "9"]
[EventCountry "ESP"]
[SourceTitle "CBM 149 Extra"]
[Source "ChessBase"]
[SourceDate "2012.08.24"]
[SourceVersion "1"]
[SourceVersionDate "2012.08.24"]
[SourceQuality "1"]

1. d4 d5 2. Nf3 Nf6 3. e3 e6 4. Bd3 c5 5. b3 Nc6 6. 0-0 Bd7 7. Bb2 cxd4 8. exd4 Rc8 9. a3 Bd6 10. Ne5 0-0 11. f4 Qb6 12. Kh1 Ne7 13. Rf3 Bb5 14. Rh3 Bxd3 15. Qxd3 Bxe5 16. fxe5 Ne4 17. Nc3 Nf2+ 18. Kg1 Nxd3 19. Rxd3 Nf5 20. Rad1 f6 21. Kf1 fxe5 22. Ke1 e4 23. R3d2 Qd8 24. Re2 Qh4+ 25. g3 Nxg3 26. hxg3 Qxg3+ 27. Kd2 Qf4+ 28. Re3 Qh2+ 29. Ne2 g5 30. Rg1 h6 31. Bc1 Rf2 32. Re1 g4 33. Kd1 h5 34. Bd2 h4 35. c4 g3 36. Bb4 g2 37. Be7 Rf1 38. c5 Rxe1+ 39. Kxe1 Qh1+ 40. Kd2 g1Q 41. Nxg1 Qxg1 42. Bd6 Qf2+ 43. Re2 Qxd4+ 44. Ke1 Rf8 45. Rg2+ Kf7 46. Rf2+ Kg6 47. Rxf8 Qe3+ 48. Kf1 h3 49. Rf2 Qxb3 50. Kg1 Kh5 51. Rf8 Kg4 52. Rf4+ Kh5 53. Rf7 Qc2 54. Rh7+ Kg4 55. Rg7+ Kf3 56. Rg3+ Ke2 57. Rxh3 Qd1+ 58. Kh2 Qf1 59. Rg3 Qf2+ 60. Rg2 e3 61. Bg3 Kd1 62. Bxf2 e2 63. Rg1+ Kd2 64. Rb1 e5 65. Rxb7 e4 66. Rd7 e1Q 67. Bxe1+ Kxe1 68. Rxd5 e3 69. Re5 Kd2 70. c6 e2 71. c7 e1Q 72. Rxe1 Kxe1 73. c8Q a6 74. Qe6+ Kd1 75. Qxa6 Kc2 76. Qc4+ Kd2 77. Qa2+ Kd1 78. Kg2 Kc1 79. Kf2 Kd1 80. Ke3 Kc1 81. Kd3 Kd1 82. Qd2# 1-0

[Event "Tres Cantos op 4th"]
[Site "Tres Cantos"]
[Date "2012.06.22"]
[Round "2"]
[White "Lopez de Turiso, Jose Angel"]
[Black "Galan Aguado, Fernando"]
[Result "1-0"]
[WhiteElo "2044"]
[BlackElo "1839"]
[PlyCount "39"]
[EventDate "2012.06.21"]
[EventType "swiss"]
[EventRounds "9"]
[EventCountry "ESP"]
[SourceTitle "CBM 149 Extra"]
[Source "ChessBase"]
[SourceDate "2012.08.24"]
[SourceVersion "1"]
[SourceVersionDate "2012.08.24"]
[SourceQuality "1"]

1. d4 e6 2. c4 Nf6 3. Nc3 d6 4. e4 Nc6 5. f4 g6 6. e5 dxe5 7. fxe5 Nh5 8. Be3 Ng7 9. Nf3 Nf5 10. Bg5 Be7 11. Bxe7 Ncxe7 12. Qd2 b6 13. g4 Ng7 14. Bg2 Bb7 15. 0-0 Bxf3 16. Rxf3 c6 17. Raf1 0-0 18. Ne4 Ne8 19. Nf6+ Kg7 20. Nxh7 1-0

[Event "Madrid Villaverde op 16th"]
[Site "Madrid"]
[Date "2011.11.16"]
[Round "3"]
[White "Galan Aguado, Fernando"]
[Black "Ruiz Quevedo, Andres"]
[Result "1/2-1/2"]
[WhiteElo "1804"]
[BlackElo "1923"]
[PlyCount "42"]
[EventDate "2011.11.14"]
[EventType "swiss"]
[EventRounds "8"]
[EventCountry "ESP"]
[SourceTitle "EXT 2013"]
[Source "ChessBase"]
[SourceDate "2012.11.22"]
[SourceVersion "1"]
[SourceVersionDate "2012.11.22"]
[SourceQuality "1"]

1. d4 Nf6 2. Nf3 e6 3. e3 b6 4. Bd3 Bb7 5. Nbd2 c5 6. 0-0 Qc7 7. b3 d6 8. Bb2 Nbd7 9. Rc1 Rc8 10. c4 Be7 11. Qe2 0-0 12. a4 Rfe8 13. Ng5 h6 14. f4 Nf8 15. Nge4 Qd8 16. Ng3 cxd4 17. exd4 d5 18. f5 dxc4 19. Nxc4 exf5 20. Nxf5 Ba6 21. Qf2 Bb7 1/2-1/2

[Event "Madrid Oliver Gonzalez Memorial 2nd"]
[Site "Madrid"]
[Date "2011.10.12"]
[Round "5"]
[White "Martin Rodriguez, Jose Luis"]
[Black "Galan Aguado, Fernando"]
[Result "0-1"]
[WhiteElo "1483"]
[BlackElo "1779"]
[PlyCount "108"]
[EventDate "2011.10.08"]
[EventType "swiss"]
[EventRounds "9"]
[EventCountry "ESP"]
[SourceTitle "CBM 144 Extra"]
[Source "ChessBase"]
[SourceDate "2011.10.28"]
[SourceVersion "1"]
[SourceVersionDate "2011.10.28"]
[SourceQuality "1"]

1. e4 e6 2. d4 d5 3. Nc3 dxe4 4. Nxe4 Bd7 5. Nf3 Bc6 6. Neg5 Bd6 7. Bd3 Nd7 8. Qe2 Ngf6 9. Nxf7 Kxf7 10. Ng5+ Ke8 11. Nxe6 Qe7 12. Nxg7+ Kf7 13. Qxe7+ Bxe7 14. Nf5 Rae8 15. 0-0 Bf8 16. Bd2 Rg8 17. f3 Nb6 18. Rae1 Rxe1 19. Bxe1 Nfd5 20. Bg3 Na8 21. c3 Bd7 22. Re1 c6 23. Kf2 Nac7 24. a4 b6 25. Ne3 h5 26. Bxc7 Nxc7 27. Bf5 Bxf5 28. Nxf5 Nd5 29. g3 c5 30. Re5 Ne7 31. Nxe7 Bxe7 32. Rxh5 Kg6 33. Rd5 cxd4 34. cxd4 Bf6 35. Rd6 Rc8 36. Ke3 Rc2 37. Rd7 a5 38. Rd6 Rxb2 39. h4 Rb4 40. h5+ Kf7 41. d5 Rc4 42. Rxb6 Bd4+ 43. Kd3 Rxa4 44. Ra6 Be5 45. f4 Bf6 46. Ra7+ Kg8 47. Ke3 Bd4+ 48. Ke4 Bxa7+ 49. Ke5 Rd4 50. f5 Rg4 51. d6 Kf7 52. h6 Rxg3 53. d7 Bb6 54. h7 Rh3 0-1

[Event "Moratalaz op 24th"]
[Site "Madrid"]
[Date "2011.09.15"]
[Round "1"]
[White "Rubio Mejia, Luis Ignacio"]
[Black "Galan Aguado, Fernando"]
[Result "1-0"]
[WhiteElo "2433"]
[BlackElo "1779"]
[PlyCount "53"]
[EventDate "2011.09.15"]
[EventType "swiss"]
[EventRounds "9"]
[EventCountry "ESP"]
[SourceTitle "CBM 144 Extra"]
[Source "ChessBase"]
[SourceDate "2011.10.28"]
[SourceVersion "1"]
[SourceVersionDate "2011.10.28"]
[SourceQuality "1"]

1. d4 e6 2. c4 d5 3. Nc3 c6 4. e4 dxe4 5. Nxe4 b6 6. Nf3 Bb7 7. Bd3 Nd7 8. 0-0 Be7 9. Bf4 Ndf6 10. Qe2 Nxe4 11. Bxe4 Nf6 12. Bc2 0-0 13. Rad1 Re8 14. a3 a5 15. Rfe1 Ra7 16. Be5 Nd7 17. c5 Nf8 18. b4 bxc5 19. dxc5 Qa8 20. Qe4 axb4 21. axb4 Qc8 22. h4 f6 23. Bb2 Kh8 24. Bb3 f5 25. Qe3 Bf6 26. Bxf6 gxf6 27. Qh6 1-0

[Event "Madrid-ch Seniors"]
[Site "Madrid"]
[Date "2011.02.15"]
[Round "7"]
[White "Cabanas Bravo, Juan Andres"]
[Black "Galan Aguado, Fernando"]
[Result "1-0"]
[WhiteElo "2059"]
[BlackElo "1841"]
[PlyCount "85"]
[EventDate "2011.02.07"]
[EventType "swiss"]
[EventRounds "9"]
[EventCountry "ESP"]
[SourceTitle "CBM 140 Extra"]
[Source "ChessBase"]
[SourceDate "2011.03.01"]
[SourceVersion "1"]
[SourceVersionDate "2011.03.01"]
[SourceQuality "1"]

1. e4 e6 2. d4 d5 3. Nc3 dxe4 4. Nxe4 Bd7 5. Nf3 Bc6 6. Bd3 Nd7 7. 0-0 Ngf6 8. Ng3 Bd6 9. c4 0-0 10. Bd2 Bxf3 11. Qxf3 c6 12. Bc3 Qc7 13. Rac1 a5 14. a3 Bf4 15. Rc2 Bg5 16. Re1 Qf4 17. Qd1 Qb8 18. Rce2 Qc7 19. Bb1 Rad8 20. Qc2 g6 21. Qa4 Ra8 22. Ba2 Rfb8 23. Qd1 b5 24. d5 exd5 25. cxd5 c5 26. d6 Qb6 27. Re7 Rf8 28. Rxd7 Nxd7 29. Ne4 Bd8 30. Bd5 Ra6 31. f4 b4 32. Be5 bxa3 33. bxa3 Nxe5 34. fxe5 Re8 35. Rf1 Ra7 36. Qa1 c4+ 37. Kh1 Qe3 38. Rf3 Qe2 39. h3 Bh4 40. Qd4 Rea8 41. Bxa8 Rxa8 42. Qd5 Rf8 43. e6 1-0

[Event "Madrid-ch Seniors"]
[Site "Madrid"]
[Date "2011.02.14"]
[Round "6"]
[White "Galan Aguado, Fernando"]
[Black "De Paz Nistal, Santiago"]
[Result "1/2-1/2"]
[WhiteElo "1841"]
[BlackElo "2025"]
[PlyCount "30"]
[EventDate "2011.02.07"]
[EventType "swiss"]
[EventRounds "9"]
[EventCountry "ESP"]
[SourceTitle "CBM 140 Extra"]
[Source "ChessBase"]
[SourceDate "2011.03.01"]
[SourceVersion "1"]
[SourceVersionDate "2011.03.01"]
[SourceQuality "1"]

1. d4 Nf6 2. Nf3 e6 3. e3 b6 4. Bd3 Bb7 5. Nbd2 d5 6. 0-0 Be7 7. b3 Nbd7 8. Bb2 c5 9. Ne5 Nxe5 10. dxe5 Nd7 11. f4 0-0 12. Bxh7+ Kxh7 13. Qh5+ Kg8 14. Rf3 f5 15. Rh3 Qe8 1/2-1/2

[Event "Madrid-ch sf-A"]
[Site "Madrid"]
[Date "2011.01.24"]
[Round "4"]
[White "Galan Aguado, Fernando"]
[Black "Alvarez Abejon, Amilcar"]
[Result "0-1"]
[WhiteElo "1841"]
[BlackElo "2094"]
[PlyCount "62"]
[EventDate "2011.01.17"]
[EventType "swiss"]
[EventRounds "9"]
[EventCountry "ESP"]
[SourceTitle "CBM 140 Extra"]
[Source "ChessBase"]
[SourceDate "2011.03.01"]
[SourceVersion "1"]
[SourceVersionDate "2011.03.01"]
[SourceQuality "1"]

1. d4 e6 2. Nf3 f5 3. Bg5 Be7 4. Bxe7 Qxe7 5. c3 Nf6 6. g3 0-0 7. Bg2 d5 8. Nbd2 c5 9. e3 Nc6 10. 0-0 e5 11. Nxe5 Nxe5 12. dxe5 Qxe5 13. Nb3 b6 14. a4 a5 15. Nd2 Ne4 16. Nf3 Qd6 17. Qc2 Bb7 18. Rfd1 Qe7 19. Rd3 Kh8 20. Rad1 Nf6 21. Nh4 g6 22. Bf3 Rfe8 23. c4 dxc4 24. Rd6 Bxf3 25. Nxf3 Rad8 26. Rxd8 Rxd8 27. Rxd8+ Qxd8 28. Qxc4 Qd1+ 29. Kg2 Ne4 30. Qf7 Qxf3+ 31. Kg1 Qxf2+ 0-1

[Event "Madrid-ch sf-A"]
[Site "Madrid"]
[Date "2011.01.19"]
[Round "3"]
[White "Lorenzo Bailador, Alfredo"]
[Black "Galan Aguado, Fernando"]
[Result "1/2-1/2"]
[WhiteElo "2018"]
[BlackElo "1841"]
[PlyCount "37"]
[EventDate "2011.01.17"]
[EventType "swiss"]
[EventRounds "9"]
[EventCountry "ESP"]
[SourceTitle "CBM 140 Extra"]
[Source "ChessBase"]
[SourceDate "2011.03.01"]
[SourceVersion "1"]
[SourceVersionDate "2011.03.01"]
[SourceQuality "1"]

1. e4 e6 2. d4 d5 3. Nd2 dxe4 4. Nxe4 Bd7 5. Nf3 Bc6 6. Bd3 Nd7 7. 0-0 Ngf6 8. Qe2 Be7 9. Bf4 0-0 10. Rad1 Nxe4 11. Bxe4 Bxe4 12. Qxe4 c6 13. c4 Nf6 14. Qc2 Qa5 15. b3 Rad8 16. Rfe1 Bd6 17. Bg5 Be7 18. Bd2 Qc7 19. h3 1/2-1/2